Bách khoa thư văn hoá cổ điển Trung Quốc
Gardado en:
| Autor Principal: | |
|---|---|
| Formato: | Libro |
| Idioma: | Undetermined |
| Publicado: |
H.
VHTT
2002
|
| Những chủ đề: | |
| Các nhãn: |
Engadir etiqueta
Sen Etiquetas, Sexa o primeiro en etiquetar este rexistro!
|
| Thư viện lưu trữ: | Trung tâm Học liệu Trường Đại học Cần Thơ |
|---|
| LEADER | 00534nam a2200193Ia 4500 | ||
|---|---|---|---|
| 001 | CTU_54843 | ||
| 008 | 210402s9999 xx 000 0 und d | ||
| 020 | |b 240000 | ||
| 082 | |a 895.9103 | ||
| 082 | |b Nh105 | ||
| 100 | |a Nguyễn Tôn Nhan | ||
| 245 | 0 | |a Bách khoa thư văn hoá cổ điển Trung Quốc | |
| 245 | 0 | |c Nguyễn Tôn Nhan | |
| 260 | |a H. | ||
| 260 | |b VHTT | ||
| 260 | |c 2002 | ||
| 650 | |a chinese literature | ||
| 650 | |x encyclopedias | ||
| 980 | |a Trung tâm Học liệu Trường Đại học Cần Thơ | ||